[Event "WCO 2016"]
[Site "?"]
[Date "2016.09.09"]
[Round "7"]
[Board "14"]
[WhiteID "9301500"]
[White "Nouman Amna"]
[BlackID "3702014"]
[Black "Perez Dalila"]
[Result "1/2-1/2"]
[BlackElo "1860"]
[WhiteElo "1983"]
[LiveChessVersion "1.4.8"]

1. e4 {[%clk 1:30:58]} e6 {[%clk 1:30:54]} 2. d4 {[%clk 1:31:23]} d5
{[%clk 1:31:19]} 3. exd5 {[%clk 1:31:46]} exd5 {[%clk 1:31:44]} 4. Nf3
{[%clk 1:32:00]} Bd6 {[%clk 1:31:55]} 5. c4 {[%clk 1:31:57]} c6 {[%clk 1:31:20]}
6. Nc3 {[%clk 1:32:08]} Ne7 {[%clk 1:31:06]} 7. Bd3 {[%clk 1:31:07]} O-O
{[%clk 1:28:12]} 8. O-O {[%clk 1:27:46]} Bf5 {[%clk 1:25:19]} 9. Bxf5
{[%clk 1:07:11]} Nxf5 {[%clk 1:25:41]} 10. cxd5 {[%clk 1:07:08]} cxd5
{[%clk 1:26:01]} 11. Qd3 {[%clk 1:06:14]} Ne7 {[%clk 1:20:55]} 12. Bg5
{[%clk 0:56:11]} Nbc6 {[%clk 1:15:30]} 13. Qb5 {[%clk 0:49:22]} Rb8
{[%clk 1:09:37]} 14. Bxe7 {[%clk 0:40:04]} Nxe7 {[%clk 1:09:14]} 15. Ne5
{[%clk 0:38:30]} a6 {[%clk 1:04:13]} 16. Qb3 {[%clk 0:33:41]} Nc6
{[%clk 0:56:15]} 17. Nf3 {[%clk 0:27:38]} Ne7 {[%clk 0:54:34]} 18. Ne5
{[%clk 0:19:08]} Nc6 {[%clk 0:49:17]} 19. Nf3 {[%clk 0:16:52]} Ne7
{[%clk 0:48:10]} 20. Ne5 {[%clk 0:11:33]} Nc6 {[%clk 0:39:52]} 21. Nf3
{[%clk 0:11:54]} Ne7 {[%clk 0:39:26]} 22. Ne5 {[%clk 0:11:57]} Nc6
{[%clk 0:39:10]} 23. Nf3 {[%clk 0:12:05]} Ne7 {[%clk 0:38:01]} 24. Ne5
{[%clk 0:10:53]} Nc6 {[%clk 0:36:39]} 25. Nf3 {[%clk 0:08:27]} Ne7
{[%clk 0:34:53]} 26. Ne5 {[%clk 0:01:42]} Nc6 {[%clk 0:33:22]} 27. Nf3
{[%clk 0:01:46]} Ne7 {[%clk 0:33:05]} 28. Ne5 {[%clk 0:02:02]} 1/2-1/2

[Event "WCO 2016"]
[Site "?"]
[Date "2016.09.09"]
[Round "7"]
[Board "15"]
[WhiteID "3702090"]
[White "Avalos Rosana"]
[BlackID "9303286"]
[Black "Jehad Aysha"]
[Result "0-1"]
[BlackElo "1668"]
[WhiteElo "1576"]
[LiveChessVersion "1.4.8"]

1. d4 {[%clk 1:30:57]} d5 {[%clk 1:30:54]} 2. Bf4 {[%clk 1:31:18]} Nf6
{[%clk 1:30:53]} 3. Nc3 {[%clk 1:31:40]} a6 {[%clk 1:26:22]} 4. e3
{[%clk 1:31:40]} e6 {[%clk 1:25:09]} 5. Nf3 {[%clk 1:31:57]} Nc6 {[%clk 1:16:08]}
6. a3 {[%clk 1:23:11]} Bd6 {[%clk 1:08:57]} 7. Ne5 {[%clk 1:13:08]} Qe7
{[%clk 0:52:15]} 8. Bd3 {[%clk 1:05:34]} Bxe5 {[%clk 0:35:08]} 9. dxe5
{[%clk 1:03:57]} Nd7 {[%clk 0:34:31]} 10. Qg4 {[%clk 0:59:39]} f5
{[%clk 0:15:51]} 11. exf6 {[%clk 0:57:46]} Nxf6 {[%clk 0:15:52]} 12. Qd1
{[%clk 0:57:33]} O-O {[%clk 0:11:13]} 13. O-O {[%clk 0:52:16]} e5
{[%clk 0:07:31]} 14. Bg5 {[%clk 0:52:35]} Be6 {[%clk 0:06:32]} 15. e4
{[%clk 0:38:48]} d4 {[%clk 0:05:27]} 16. Ne2 {[%clk 0:38:36]} Qf7
{[%clk 0:04:25]} 17. Ng3 {[%clk 0:38:13]} h6 {[%clk 0:03:16]} 18. Bd2
{[%clk 0:33:50]} Rae8 {[%clk 0:01:36]} 19. Qe2 {[%clk 0:29:27]} Qd7
{[%clk 0:00:37]} 20. Rae1 {[%clk 0:21:28]} Bg4 {[%clk 0:00:51]} 21. f3
{[%clk 0:21:40]} Be6 {[%clk 0:01:16]} 22. Qd1 {[%clk 0:21:13]} Qf7
{[%clk 0:00:52]} 23. Qc1 {[%clk 0:20:04]} Kh8 {[%clk 0:00:36]} 24. f4
{[%clk 0:19:02]} Bc4 {[%clk 0:00:35]} 25. Nf5 {[%clk 0:15:45]} Bxd3
{[%clk 0:00:50]} 26. cxd3 {[%clk 0:16:10]} Nd7 {[%clk 0:00:33]} 27. fxe5
{[%clk 0:14:20]} Ndxe5 {[%clk 0:00:39]} 28. Nxd4 {[%clk 0:03:08]} Qd7
{[%clk 0:00:36]} 29. Rxf8+ {[%clk 0:02:35]} Rxf8 {[%clk 0:01:04]} 30. Nxc6
{[%clk 0:00:45]} Nxd3 {[%clk 0:00:44]} 31. Qc3 {[%clk 0:00:35]} Nxe1
{[%clk 0:00:36]} 32. Ne5 {[%clk 0:00:57]} Qe6 {[%clk 0:00:31]} 33. Bxe1
{[%clk 0:01:12]} Qb6+ 0-1

[Event "WCO 2016"]
[Site "?"]
[Date "2016.09.09"]
[Round "7"]
[Board "16"]
[WhiteID "9304843"]
[White "Bashaer Khalil"]
[BlackID "3701670"]
[Black "Rojas Montserrat"]
[Result "1/2-1/2"]
[BlackElo "1561"]
[WhiteElo "1584"]
[LiveChessVersion "1.4.8"]

1. e4 {[%clk 1:30:54]} c5 {[%clk 1:30:45]} 2. c3 {[%clk 1:31:20]} d6
{[%clk 1:30:53]} 3. d4 {[%clk 1:30:57]} cxd4 {[%clk 1:31:06]} 4. cxd4
{[%clk 1:31:24]} Nf6 {[%clk 1:30:30]} 5. Nc3 {[%clk 1:28:31]} g6 {[%clk 1:26:47]}
6. Nf3 {[%clk 1:26:56]} Bg7 {[%clk 1:26:49]} 7. Bd3 {[%clk 1:25:47]} O-O
{[%clk 1:26:40]} 8. O-O {[%clk 1:26:06]} Bg4 {[%clk 1:24:28]} 9. h3
{[%clk 1:26:31]} Bxf3 {[%clk 1:24:13]} 10. Qxf3 {[%clk 1:26:59]} Nc6
{[%clk 1:24:15]} 11. Qe3 {[%clk 1:14:36]} Nd7 {[%clk 1:05:42]} 12. d5
{[%clk 1:10:52]} Nd4 {[%clk 1:02:04]} 13. Ne2 {[%clk 1:07:09]} Qb6
{[%clk 0:58:13]} 14. Rb1 {[%clk 1:02:15]} Nxe2+ {[%clk 0:52:25]} 15. Qxe2
{[%clk 1:01:26]} a6 {[%clk 0:50:48]} 16. b3 {[%clk 0:59:29]} Rac8
{[%clk 0:47:20]} 17. Bb2 {[%clk 0:57:38]} Ne5 {[%clk 0:42:31]} 18. Kh1
{[%clk 0:55:31]} Nxd3 {[%clk 0:39:52]} 19. Qxd3 {[%clk 0:55:49]} Rc7
{[%clk 0:38:35]} 20. Qd2 {[%clk 0:49:43]} Rfc8 {[%clk 0:37:55]} 21. Bxg7
{[%clk 0:45:49]} Kxg7 {[%clk 0:37:30]} 22. Rb2 {[%clk 0:45:51]} Rc3
{[%clk 0:29:53]} 23. Re1 {[%clk 0:44:21]} Qc5 {[%clk 0:26:13]} 24. Re2
{[%clk 0:43:45]} f6 {[%clk 0:13:30]} 25. Kg1 {[%clk 0:41:13]} Rc1+
{[%clk 0:11:26]} 26. Kh2 {[%clk 0:41:03]} Qc3 {[%clk 0:07:58]} 27. Qxc3
{[%clk 0:39:39]} R8xc3 {[%clk 0:08:27]} 28. f3 {[%clk 0:39:05]} g5
{[%clk 0:07:01]} 29. Kg3 {[%clk 0:37:56]} h5 {[%clk 0:06:14]} 30. Kf2
{[%clk 0:35:58]} Kf7 {[%clk 0:06:10]} 31. Rbd2 {[%clk 0:35:07]} e5
{[%clk 0:04:36]} 32. Rb2 {[%clk 0:34:26]} h4 {[%clk 0:04:04]} 33. Red2
{[%clk 0:34:50]} Rc7 {[%clk 0:01:11]} 34. Ke2 {[%clk 0:34:09]} Ke7
{[%clk 0:01:11]} 35. Rd1 {[%clk 0:32:25]} Rxd1 {[%clk 0:00:41]} 36. Kxd1
{[%clk 0:32:53]} Kd7 {[%clk 0:00:48]} 37. Rc2 {[%clk 0:29:53]} Rxc2
{[%clk 0:01:01]} 38. Kxc2 {[%clk 0:30:22]} Kc7 {[%clk 0:01:24]} 39. Kc3
{[%clk 0:30:38]} b6 {[%clk 0:00:34]} 40. b4 {[%clk 0:53:14]} b5 {[%clk 0:30:46]}
41. Kb3 {[%clk 0:51:31]} Kd7 {[%clk 0:30:28]} 42. Kc3 {[%clk 0:51:11]} Ke7
{[%clk 0:30:10]} 43. Kd3 {[%clk 0:51:32]} Kf7 {[%clk 0:30:27]} 44. Ke3
{[%clk 0:51:25]} Kg6 {[%clk 0:30:50]} 45. Ke2 {[%clk 0:49:40]} Kh5
{[%clk 0:30:54]} 46. Kf2 {[%clk 0:49:50]} Kg6 {[%clk 0:31:13]} 47. Ke2
{[%clk 0:49:45]} Kh5 {[%clk 0:31:39]} 48. Ke3 {[%clk 0:50:09]} Kg6
{[%clk 0:32:01]} 49. Kd3 {[%clk 0:50:28]} Kh5 {[%clk 0:32:11]} 50. Ke2
{[%clk 0:49:04]} Kg6 {[%clk 0:32:29]} 51. Kf2 {[%clk 0:49:31]} Kh6
{[%clk 0:32:44]} 52. g3 {[%clk 0:49:25]} Kh5 {[%clk 0:32:55]} 53. Kg2
{[%clk 0:47:03]} Kg6 {[%clk 0:30:36]} 54. gxh4 {[%clk 0:43:05]} gxh4
{[%clk 0:31:00]} 55. Kf2 {[%clk 0:43:30]} Kg5 {[%clk 0:30:18]} 56. Ke3
{[%clk 0:43:25]} f5 {[%clk 0:27:14]} 57. a3 {[%clk 0:27:41]} f4+ {[%clk 0:27:35]}
58. Kf2 {[%clk 0:28:03]} 1/2-1/2

[Event "WCO 2016"]
[Site "?"]
[Date "2016.09.09"]
[Round "7"]
[Board "13"]
[WhiteID "2204185"]
[White "Calzetta Ruiz Monica"]
[BlackID "305650"]
[Black "Ptacnikova Lenka"]
[Result "1/2-1/2"]
[BlackElo "2159"]
[WhiteElo "2249"]
[LiveChessVersion "1.4.8"]

1. e4 {[%clk 1:30:57]} c5 {[%clk 1:30:54]} 2. Nf3 {[%clk 1:31:22]} e6
{[%clk 1:31:14]} 3. d4 {[%clk 1:31:40]} cxd4 {[%clk 1:31:40]} 4. Nxd4
{[%clk 1:32:04]} a6 {[%clk 1:31:40]} 5. Nc3 {[%clk 1:31:53]} Qc7 {[%clk 1:31:47]}
6. g3 {[%clk 1:31:08]} Bb4 {[%clk 1:31:00]} 7. Nde2 {[%clk 1:24:57]} Nf6
{[%clk 1:30:32]} 8. Bg2 {[%clk 1:25:10]} Be7 {[%clk 1:30:28]} 9. O-O
{[%clk 1:19:49]} d6 {[%clk 1:30:15]} 10. b3 {[%clk 1:16:13]} O-O {[%clk 1:23:31]}
11. Bb2 {[%clk 1:16:16]} Nc6 {[%clk 1:14:00]} 12. h3 {[%clk 1:10:37]} b5
{[%clk 1:09:50]} 13. a3 {[%clk 0:49:38]} Bb7 {[%clk 1:05:16]} 14. g4
{[%clk 0:40:23]} Rad8 {[%clk 0:49:11]} 15. g5 {[%clk 0:39:52]} Nd7
{[%clk 0:49:18]} 16. f4 {[%clk 0:33:31]} d5 {[%clk 0:45:11]} 17. exd5
{[%clk 0:33:15]} Nb6 {[%clk 0:44:51]} 18. Ng3 {[%clk 0:19:17]} exd5
{[%clk 0:30:08]} 19. Nf5 {[%clk 0:19:18]} Bc5+ {[%clk 0:29:53]} 20. Kh1
{[%clk 0:16:34]} d4 {[%clk 0:27:44]} 21. Ne4 {[%clk 0:16:54]} Ne7
{[%clk 0:25:39]} 22. Qg4 {[%clk 0:05:25]} Nxf5 {[%clk 0:21:21]} 23. Qxf5
{[%clk 0:05:53]} Nd5 {[%clk 0:16:52]} 24. Rg1 {[%clk 0:06:08]} Bc8
{[%clk 0:11:08]} 25. Qe5 {[%clk 0:06:31]} Qxe5 {[%clk 0:10:09]} 26. fxe5
{[%clk 0:06:59]} Bb6 {[%clk 0:10:02]} 27. Nd6 {[%clk 0:04:48]} Be6
{[%clk 0:10:14]} 28. Rad1 {[%clk 0:01:57]} Ne3 {[%clk 0:07:21]} 29. Bxd4
{[%clk 0:02:24]} Bxd4 {[%clk 0:07:20]} 30. Rxd4 {[%clk 0:02:52]} Nxc2
{[%clk 0:06:13]} 31. Rd3 {[%clk 0:02:51]} Nxa3 {[%clk 0:06:19]} 32. Rc1
{[%clk 0:02:35]} a5 {[%clk 0:03:22]} 33. Rc6 {[%clk 0:02:52]} a4 {[%clk 0:02:36]}
34. bxa4 {[%clk 0:03:17]} Nc4 {[%clk 0:02:44]} 35. Rc5 {[%clk 0:01:05]} bxa4
{[%clk 0:02:33]} 36. Bf1 {[%clk 0:00:46]} Nxd6 {[%clk 0:00:48]} 37. exd6
{[%clk 0:01:15]} f6 {[%clk 0:00:53]} 38. Bg2 {[%clk 0:00:42]} fxg5
{[%clk 0:00:55]} 39. Rxg5 {[%clk 0:01:01]} Rf6 {[%clk 0:00:59]} 40. Bc6
{[%clk 0:31:05]} Bd7 {[%clk 0:31:05]} 41. Bxd7 {[%clk 0:23:56]} Rxd7
{[%clk 0:31:32]} 42. Rgd5 {[%clk 0:22:30]} Kf7 {[%clk 0:27:47]} 43. Kg2
{[%clk 0:22:43]} a3 {[%clk 0:24:51]} 44. Rxa3 {[%clk 0:23:08]} Rfxd6
{[%clk 0:24:44]} 45. Rxd6 {[%clk 0:21:10]} Rxd6 {[%clk 0:25:10]} 46. Kg3
{[%clk 0:21:33]} Rg6+ {[%clk 0:24:44]} 47. Kf3 {[%clk 0:21:43]} Rg1
{[%clk 0:23:04]} 48. Ra6 {[%clk 0:20:39]} Rf1+ {[%clk 0:23:06]} 49. Kg3
{[%clk 0:21:05]} Rf6 {[%clk 0:22:03]} 50. Ra7+ {[%clk 0:21:29]} Kg6
{[%clk 0:22:25]} 51. Rb7 {[%clk 0:20:40]} Kh6 {[%clk 0:21:41]} 52. Rb4
{[%clk 0:20:16]} Rg6+ {[%clk 0:21:20]} 53. Kf3 {[%clk 0:20:40]} Rg1
{[%clk 0:21:16]} 54. Kf2 {[%clk 0:20:45]} Rg5 {[%clk 0:21:37]} 55. Ra4
{[%clk 0:20:56]} Kh5 {[%clk 0:21:32]} 56. Rb4 {[%clk 0:21:13]} Ra5
{[%clk 0:21:21]} 57. Rb7 {[%clk 0:20:13]} Rg5 {[%clk 0:21:32]} 58. Rb4
{[%clk 0:20:36]} h6 {[%clk 0:21:55]} 59. Ra4 {[%clk 0:20:43]} Rb5
{[%clk 0:21:49]} 60. Kg3 {[%clk 0:18:13]} Rb3+ {[%clk 0:20:56]} 61. Kg2
{[%clk 0:18:40]} Kg6 {[%clk 0:19:39]} 62. Ra6+ {[%clk 0:18:57]} Kh7
{[%clk 0:20:02]} 63. Ra5 {[%clk 0:19:10]} Re3 {[%clk 0:20:12]} 64. Rb5
{[%clk 0:19:37]} Kg6 {[%clk 0:20:16]} 65. Rb6+ {[%clk 0:19:50]} Kf5
{[%clk 0:20:26]} 66. Rb7 {[%clk 0:18:57]} g5 {[%clk 0:18:50]} 67. Rf7+
{[%clk 0:18:32]} Kg6 {[%clk 0:19:09]} 68. Ra7 {[%clk 0:18:34]} h5
{[%clk 0:19:07]} 69. Ra6+ {[%clk 0:14:11]} Kf5 {[%clk 0:17:40]} 70. Ra5+
{[%clk 0:14:39]} Kf4 {[%clk 0:17:50]} 71. Ra4+ {[%clk 0:15:06]} Re4
{[%clk 0:17:52]} 72. Ra2 {[%clk 0:15:34]} h4 {[%clk 0:15:11]} 73. Rf2+
{[%clk 0:16:00]} Ke5 {[%clk 0:15:32]} 74. Ra2 {[%clk 0:15:30]} Re3
{[%clk 0:14:46]} 75. Ra5+ {[%clk 0:15:55]} Kf4 {[%clk 0:15:00]} 76. Ra4+
{[%clk 0:16:11]} Re4 {[%clk 0:14:57]} 77. Ra2 {[%clk 0:16:38]} Rd4
{[%clk 0:13:58]} 78. Rf2+ {[%clk 0:16:03]} Ke5 {[%clk 0:14:18]} 79. Ra2
{[%clk 0:16:20]} Rd3 {[%clk 0:12:52]} 80. Ra5+ {[%clk 0:16:36]} Rd5
{[%clk 0:11:23]} 81. Ra2 {[%clk 0:17:02]} Kf4 {[%clk 0:10:35]} 82. Ra4+
{[%clk 0:14:25]} Kf5 {[%clk 0:09:52]} 83. Ra2 {[%clk 0:14:52]} Ke4
{[%clk 0:09:05]} 84. Ra4+ {[%clk 0:14:48]} Rd4 {[%clk 0:09:17]} 85. Ra2
{[%clk 0:15:04]} Ke3 {[%clk 0:09:19]} 86. Ra3+ {[%clk 0:15:28]} Ke4
{[%clk 0:06:44]} 87. Ra2 {[%clk 0:15:56]} Rd3 {[%clk 0:06:32]} 88. Ra4+
{[%clk 0:16:02]} Ke3 {[%clk 0:05:11]} 89. Ra2 {[%clk 0:12:57]} Rb3
{[%clk 0:04:21]} 90. Rc2 {[%clk 0:13:09]} Kd4 {[%clk 0:04:06]} 91. Ra2
{[%clk 0:12:26]} Rg3+ {[%clk 0:03:48]} 92. Kh2 {[%clk 0:12:54]} Re3
{[%clk 0:03:18]} 93. Kg2 {[%clk 0:13:09]} Ke5 {[%clk 0:02:12]} 94. Ra5+
{[%clk 0:13:34]} Kf4 {[%clk 0:02:30]} 95. Ra4+ {[%clk 0:13:53]} Re4
{[%clk 0:02:04]} 96. Ra2 {[%clk 0:14:21]} Rd4 {[%clk 0:01:36]} 97. Rb2
{[%clk 0:14:33]} Ke3 {[%clk 0:01:23]} 98. Rb3+ {[%clk 0:14:56]} Ke4
{[%clk 0:01:32]} 99. Rb2 {[%clk 0:15:18]} Rd3 {[%clk 0:01:36]} 100. Rb4+
{[%clk 0:14:22]} Ke3 {[%clk 0:01:51]} 101. Rb2 {[%clk 0:14:23]} Rd2+
{[%clk 0:01:43]} 102. Rxd2 {[%clk 0:14:50]} Kxd2 {[%clk 0:02:08]} 103. Kf2
{[%clk 0:15:13]} Kd1 {[%clk 0:02:28]} 104. Kf1 {[%clk 0:15:38]} Kd2
{[%clk 0:01:30]} 105. Kf2 {[%clk 0:16:06]} Kd1 {[%clk 0:01:47]} 106. Kf1
{[%clk 0:16:31]} Kd2 {[%clk 0:01:58]} 107. Kf2 {[%clk 0:16:55]} Kd1
{[%clk 0:02:19]} 1/2-1/2

[Event "WCO 2016"]
[Site "?"]
[Date "2016.09.09"]
[Round "7"]
[Board "14"]
[WhiteID "2300753"]
[White "Thorsteinsdottir Gudlaug"]
[BlackID "2219026"]
[Black "Vega Gutierrez Sabrina"]
[Result "0-1"]
[BlackElo "2411"]
[WhiteElo "2046"]
[LiveChessVersion "1.4.8"]

1. d4 d5 {[%clk 1:30:46]} 2. c4 {[%clk 1:31:23]} e6 {[%clk 1:31:05]} 3. Nc3
{[%clk 1:31:42]} c6 {[%clk 1:31:25]} 4. e3 f5 {[%clk 1:29:28]} 5. Nf3
{[%clk 1:31:58]} Nf6 {[%clk 1:29:36]} 6. Bd3 {[%clk 1:30:13]} Bd6
{[%clk 1:26:10]} 7. Qc2 O-O 8. b3 {[%clk 1:27:36]} Qe7 {[%clk 1:18:22]} 9. Bb2
{[%clk 1:27:43]} b6 {[%clk 1:17:57]} 10. O-O {[%clk 1:22:56]} Ne4
{[%clk 1:14:46]} 11. Ne2 {[%clk 1:20:56]} Bb7 {[%clk 1:05:14]} 12. Ne5
{[%clk 1:15:00]} Na6 {[%clk 1:00:54]} 13. a3 {[%clk 1:05:11]} Rac8
{[%clk 0:55:25]} 14. b4 c5 15. b5 {[%clk 0:58:23]} Nb8 {[%clk 0:54:54]} 16. f3
{[%clk 0:53:38]} cxd4 {[%clk 0:40:01]} 17. exd4 {[%clk 0:45:01]} Bxe5
{[%clk 0:40:13]} 18. dxe5 {[%clk 0:40:28]} dxc4 {[%clk 0:40:29]} 19. Bxe4
{[%clk 0:40:39]} fxe4 {[%clk 0:38:22]} 20. fxe4 {[%clk 0:39:27]} Qc5+ 21. Kh1
Qxb5 {[%clk 0:38:04]} 22. a4 {[%clk 0:38:36]} Qb3 {[%clk 0:34:24]} 23. Qxb3
{[%clk 0:37:51]} cxb3 {[%clk 0:34:50]} 24. Nd4 {[%clk 0:38:06]} Bxe4
{[%clk 0:34:00]} 25. Nxe6 {[%clk 0:36:51]} Rxf1+ {[%clk 0:29:47]} 26. Rxf1
{[%clk 0:37:15]} Nc6 {[%clk 0:16:50]} 27. Ng5 {[%clk 0:27:19]} Bd5
{[%clk 0:12:58]} 28. h4 {[%clk 0:25:37]} Nb4 {[%clk 0:08:30]} 29. Nh3
{[%clk 0:24:32]} Nd3 {[%clk 0:08:12]} 30. Nf4 {[%clk 0:18:28]} Rf8
{[%clk 0:07:37]} 31. Nxd3 {[%clk 0:15:23]} Rxf1+ {[%clk 0:08:01]} 32. Kh2
{[%clk 0:15:51]} Bc4 {[%clk 0:07:05]} 0-1

[Event "WCO 2016"]
[Site "?"]
[Date "2016.09.09"]
[Round "7"]
[Board "15"]
[WhiteID "13601377"]
[White "Matnadze Ana"]
[BlackID "2302608"]
[Black "Hauksdottir Hrund"]
[Result "1-0"]
[BlackElo "1793"]
[WhiteElo "2383"]
[LiveChessVersion "1.4.8"]

1. d4 {[%clk 1:30:54]} d5 {[%clk 1:30:49]} 2. Nf3 {[%clk 1:31:01]} Nf6
{[%clk 1:31:11]} 3. c4 {[%clk 1:31:25]} c6 {[%clk 1:31:31]} 4. Qc2
{[%clk 1:31:44]} dxc4 {[%clk 1:31:37]} 5. Qxc4 {[%clk 1:32:07]} Bg4
{[%clk 1:31:15]} 6. Nc3 {[%clk 1:29:52]} Nbd7 {[%clk 1:30:17]} 7. Ng5
{[%clk 1:22:20]} e6 {[%clk 1:19:03]} 8. h3 {[%clk 1:22:12]} Bh5 {[%clk 1:17:18]}
9. e3 {[%clk 1:09:30]} Bg6 {[%clk 1:08:05]} 10. Nf3 {[%clk 1:08:58]} Bd6
{[%clk 1:02:28]} 11. Be2 {[%clk 1:07:44]} O-O {[%clk 1:00:16]} 12. O-O
{[%clk 1:08:02]} a5 {[%clk 0:51:41]} 13. a4 {[%clk 1:06:23]} Qe7 {[%clk 0:44:41]}
14. Qb3 {[%clk 1:05:53]} Bb4 {[%clk 0:40:07]} 15. Bd2 {[%clk 1:02:45]} Rfd8
{[%clk 0:35:35]} 16. Na2 {[%clk 0:46:51]} Bxd2 {[%clk 0:28:13]} 17. Nxd2
{[%clk 0:47:06]} e5 {[%clk 0:27:25]} 18. Rfe1 {[%clk 0:44:51]} Nc5
{[%clk 0:20:10]} 19. Qa3 {[%clk 0:40:52]} Rd7 {[%clk 0:12:03]} 20. Nc4
{[%clk 0:23:20]} Nxa4 {[%clk 0:11:47]} 21. Bd1 {[%clk 0:16:08]} b5
{[%clk 0:05:55]} 22. Bxa4 {[%clk 0:16:08]} Rb7 {[%clk 0:01:21]} 23. Qxe7
{[%clk 0:14:07]} Rxe7 {[%clk 0:01:48]} 24. Nxe5 {[%clk 0:13:45]} bxa4
{[%clk 0:01:59]} 25. Nc3 {[%clk 0:13:34]} c5 {[%clk 0:01:26]} 26. Nxg6
{[%clk 0:13:46]} hxg6 {[%clk 0:01:52]} 27. dxc5 {[%clk 0:14:04]} Rc7
{[%clk 0:01:44]} 28. Nxa4 {[%clk 0:13:03]} Nd7 {[%clk 0:01:44]} 29. Rec1
{[%clk 0:12:02]} Rac8 {[%clk 0:01:38]} 30. Rc3 {[%clk 0:11:03]} Nxc5
{[%clk 0:01:10]} 31. Nb6 Rd8 {[%clk 0:01:24]} 32. Rxa5 {[%clk 0:09:33]} Ne6
{[%clk 0:01:00]} 33. Nd5 Rcd7 34. e4 {[%clk 0:06:53]} Rb8 {[%clk 0:01:19]} 35. b4
{[%clk 0:07:00]} Nd4 {[%clk 0:01:01]} 36. Rd3 {[%clk 0:06:42]} Ne2+
{[%clk 0:00:43]} 37. Kf1 {[%clk 0:06:18]} Nc1 {[%clk 0:01:00]} 38. Rc3
{[%clk 0:04:26]} Rxb4 {[%clk 0:00:57]} 39. Ra8+ {[%clk 0:04:46]} Kh7
{[%clk 0:01:11]} 40. Rcc8 {[%clk 0:33:47]} g5 {[%clk 0:31:27]} 41. Nf6+
{[%clk 0:32:44]} 1-0

[Event "WCO 2016"]
[Site "?"]
[Date "2016.09.09"]
[Round "7"]
[Board "16"]
[WhiteID "2309114"]
[White "Magnusdottir Veronika Steinunn"]
[BlackID "3504476"]
[Black "Collazo Hidalgo-Gato Niala"]
[Result "0-1"]
[BlackElo "2268"]
[WhiteElo "1777"]
[LiveChessVersion "1.4.8"]

1. e4 {[%clk 1:30:57]} g6 {[%clk 1:30:55]} 2. d4 {[%clk 1:31:00]} Bg7
{[%clk 1:31:19]} 3. Nc3 {[%clk 1:28:46]} d6 {[%clk 1:31:42]} 4. Be3
{[%clk 1:21:39]} a6 {[%clk 1:30:52]} 5. Bc4 {[%clk 1:16:58]} b5 {[%clk 1:30:01]}
6. Bb3 {[%clk 1:17:04]} Bb7 {[%clk 1:28:35]} 7. Nf3 {[%clk 1:11:05]} e6
{[%clk 1:20:27]} 8. Qd3 {[%clk 0:53:54]} Nf6 {[%clk 1:13:36]} 9. a3
{[%clk 0:47:51]} O-O {[%clk 1:09:51]} 10. O-O {[%clk 0:47:40]} Nbd7
{[%clk 1:09:18]} 11. Rad1 {[%clk 0:35:07]} c5 {[%clk 1:03:45]} 12. dxc5
{[%clk 0:33:32]} dxc5 {[%clk 1:03:24]} 13. Qe2 {[%clk 0:30:54]} Qc7
{[%clk 1:01:16]} 14. Bg5 {[%clk 0:21:42]} c4 {[%clk 0:58:27]} 15. Ba2
{[%clk 0:21:44]} Nc5 {[%clk 0:56:28]} 16. e5 {[%clk 0:15:54]} Nd5
{[%clk 0:44:24]} 17. Nxd5 {[%clk 0:12:44]} Bxd5 {[%clk 0:43:51]} 18. Qe3
{[%clk 0:10:56]} Bxf3 {[%clk 0:43:22]} 19. Qxf3 {[%clk 0:10:53]} Bxe5
{[%clk 0:41:32]} 20. g3 {[%clk 0:09:35]} Bg7 {[%clk 0:39:18]} 21. b3
{[%clk 0:08:44]} h6 {[%clk 0:38:13]} 22. Be3 {[%clk 0:07:26]} c3 {[%clk 0:33:29]}
23. b4 {[%clk 0:07:01]} Na4 {[%clk 0:30:03]} 24. Bf4 {[%clk 0:03:51]} Qa7
{[%clk 0:26:04]} 25. Be3 {[%clk 0:01:37]} Qe7 {[%clk 0:25:03]} 26. Bb3
{[%clk 0:01:57]} Rfd8 {[%clk 0:22:32]} 27. Qc6 {[%clk 0:00:41]} Nb2
{[%clk 0:18:54]} 28. Rxd8+ {[%clk 0:00:51]} Qxd8 {[%clk 0:19:14]} 29. Re1
{[%clk 0:00:32]} Qc8 {[%clk 0:18:49]} 30. Qe4 {[%clk 0:00:42]} Rb8
{[%clk 0:15:56]} 31. Bd4 {[%clk 0:00:33]} Qb7 {[%clk 0:12:35]} 32. Qe3
{[%clk 0:00:34]} Bxd4 {[%clk 0:09:29]} 33. Qxd4 {[%clk 0:01:02]} Qc6
{[%clk 0:03:38]} 34. Qf6 {[%clk 0:00:58]} Nc4 {[%clk 0:02:52]} 35. Qxc3
{[%clk 0:00:43]} Rc8 {[%clk 0:03:18]} 36. Qd4 {[%clk 0:00:46]} Qf3
{[%clk 0:02:05]} 37. a4 {[%clk 0:00:35]} Rc6 {[%clk 0:01:23]} 38. Qd8+
{[%clk 0:00:32]} Kg7 {[%clk 0:01:34]} 39. axb5 {[%clk 0:00:41]} axb5
{[%clk 0:01:57]} 40. Qd4+ {[%clk 0:30:45]} Qf6 {[%clk 0:30:51]} 41. Qd7
{[%clk 0:17:06]} Qc3 {[%clk 0:22:56]} 42. Rd1 {[%clk 0:16:02]} Ne5
{[%clk 0:22:09]} 43. Qb7 {[%clk 0:00:42]} Qxb4 {[%clk 0:20:54]} 44. f4
{[%clk 0:00:33]} Qc5+ {[%clk 0:16:23]} 45. Kg2 {[%clk 0:00:46]} Ng4
{[%clk 0:15:15]} 46. Rd2 {[%clk 0:00:35]} Ne3+ {[%clk 0:14:48]} 47. Kf3
{[%clk 0:00:40]} Nf5 {[%clk 0:13:26]} 48. Rd3 {[%clk 0:00:37]} Qg1
{[%clk 0:12:46]} 49. Rd2 {[%clk 0:00:32]} Rc3+ {[%clk 0:12:35]} 50. Ke2
{[%clk 0:00:36]} Re3# {[%clk 0:12:15]} 0-1